000 00276nam a2200109Ia 4500
008 190216s9999||||xx |||||||||||||| ||und||
100 _aSamuel Glasstone
245 0 _aChemistry Introduction To Electro Chemistry
260 _bEast-West Press
650 _aChemistry
942 _cBK
999 _c2568
_d2568